000 01064nam a2200265 i 4500
001 110757
003 ES-MaACL
005 20250901200228.0
007 t|
008 070125s1916 sp ||||1| spa d
080 _a113/119
080 _a340.12
100 1 _aDel Vecchio, Giorgio.
_943273
245 1 3 _aEl concepto de la naturaleza y el principio del derecho /
_cJorge del Vecchío ; traducción de Mariano Castaño ; precedida de un estudio sobre El ideal de la naturaleza humana como método del derecho / por F. Rivera Pastor.
260 _aMadrid :
_bHijos de Reus,
_c1916.
300 _aXVI, 123 p. ;
_c23 cm.
490 1 _aBiblioteca jurídica de autores españoles y extranjeros ;
_v23
650 7 _aFilosofía de la naturaleza
_2embne
_912839
650 4 _aDerecho-
_xFilosofía
_911620
700 1 _aCastaño, Mariano.
_936431
700 1 _aRivera Pastor, Francisco,
_d1878-1936
_997663
830 0 _aBiblioteca jurídica de autores españoles y extranjeros ;
_v23
_9182228
852 _aES-MaACL
_jE-3044
999 _c110757
_d110757